000
00250nam a2200097Ia 4500
001
1120670
005
20250827004629.0
008
250824s9999 xx 000 0 und d
245
0
_a
ESİR ŞEHRİ İNSANLARI
_c
KEMAL TAHİR
260
_b
KETEBE YAYINCILIK
999
_c
1120670
_d
1120670